Buenos aires, centro historico : guías visuales de la argentina

Guardado en:
Formato: Libro
Publicado: Buenos Aires : Clarín, 2002
Series:Bilioteca Clarín. Serie guías visuales de la Argentina
Materias:
Etiquetas: Agregar Etiqueta
Sin Etiquetas, Sea el primero en etiquetar este registro!
LEADER 01271nam a22002415a 4500
001 CEM.cems011964
005 20070515120520.0
008 130507s2002##################000#0#####d
003 CEMS
020 |a 950782166X 
082 0 4 |a 918.204 
245 0 0 |a Buenos aires, centro historico :  |b guías visuales de la argentina 
260 |a Buenos Aires :  |b Clarín,  |c 2002 
300 |a 143 p. 
490 0 |a Bilioteca Clarín. Serie guías visuales de la Argentina 
500 |a Guía de viajes y turismo 
505 0 |a Itinerarios : recorridos paso a paso para recorrer cada rincón de la zona histórica de la ciudad -- Para divertirse : lugares seleccionados donde vivir la noche de Buenos Aires -- Sitios ocultos : descubra el interior de cada edificio histórico en una viaje al pasado de la ciudad -- Arquitectura -- Tradición y novedad : los barrios y lugares más antiguos de la vieja Buenos Aires -- Mitos : conozca los ídolos y las tradiciones populares de los habitantes de la gran capital del sur -- 
653 |a Geografía 
653 |a Geografía argentina 
653 |a Geografía argentina- turismo 
653 |a Buenos aires [ciudad] 
653 |a Buenos aires [ciudad]-casco histórico 
859 |a CEMS  |b BIB. CEMS - 11 de abril  |h 918.204  |i C394-8  |p 23102.05  |t Ej.1